Señor y perro (Record no. 185828)

MARC details
000 -LEADER
campo de control de longitud fija 00875nam a2200253 i 4500
001 - NÚMERO DE CONTROL
campo de control 185828
003 - IDENTIFICADOR DE NÚMERO DE CONTROL
campo de control SpMaBN
005 - FECHA Y HORA DE LA ÚLTIMA TRANSACCIÓN
campo de control 20250316204112.0
008 - DATOS DE LONGITUD FIJA--INFORMACIÓN GENERAL
campo de control de longitud fija 160812s1984 sp |||| | spa d
020 ## - NÚMERO INTERNACIONAL ESTÁNDAR DEL LIBRO
Número Internacional Estándar del Libro 84-01-42137-3
080 ## - NÚMERO DE LA CLASIFICACIÓN DECIMAL UNIVERSAL
Número de la Clasificación Decimal Universal 821.112.2-32"19"
100 0# - ENTRADA PRINCIPAL--NOMBRE DE PERSONA
Nombre de persona Mann, Thomas,
Fechas asociadas al nombre 1875-1955
9 (RLIN) 76055
245 10 - MENCIÓN DEL TÍTULO
Título Señor y perro
Resto del título ; Tonio Kröger /
Mención de responsabilidad, etc. Thomas Mann, Premio Nobel 1929 ; [traducciones de F. Payarols y F. Oliver Brachfeld].
250 ## - MENCION DE EDICION
Mención de edición 1ª ed.
260 ## - PUBLICACIÓN, DISTRIBUCIÓN, ETC.
Lugar de publicación, distribución, etc. Esplugues de Llobregat, Barcelona :
Nombre del editor, distribuidor, etc. Plaza & Janés,
Fecha de publicación, distribución, etc. 1984.
300 ## - DESCRIPCIÓN FÍSICA
Extensión 220 p. ;
Dimensiones 18 cm.
490 1# - MENCIÓN DE SERIE
Mención de serie El ave fénix ;
Designación de volumen o secuencia 37
700 1# - ENTRADA AGREGADA--NOMBRE PERSONAL
Nombre de persona Payarols, Francisco.
9 (RLIN) 89715
700 1# - ENTRADA AGREGADA--NOMBRE PERSONAL
Nombre de persona Oliver Brachfeld, F.
9 (RLIN) 86832
740 02 - ENTRADA AGREGADA--TÍTULO RELACIONADO/ANALÍTICO NO CONTROLADO
Título relacionado o analítico no controlado Tonio Kröger.
830 0# - PUNTO DE ACCESO ADICIONAL DE SERIE-TÍTULO UNIFORME
Título uniforme El ave fénix ;
Designación de volumen o secuencia 37
9 (RLIN) 121026
852 ## - LOCALIZACIÓN
Ubicación ES-MaACL
Número de control de estantería L-30545
Nota libre . - Donat. Miguel A. Velasco
Holdings
Estatus retirado Estado de pérdida Estado de daño No para préstamo Biblioteca de origen Biblioteca actual Ubicación en estantería Fecha de adquisición Fuente de adquisición Total de préstamos Signatura topográfica completa Código de barras Visto por última vez Precio de reemplazo Tipo de ítem Koha
        Biblioteca del Ateneo de Madrid Biblioteca del Ateneo de Madrid Depósito 2 12/08/2016     L-30545 1195886 23/02/2023 23/02/2023 Libro impreso